L'hiver de Mira Christophe: roman

Bewaard in:
Bibliografische gegevens
Hoofdauteur: Nepveu, Pierre (auteur)
Formaat: Boek
Taal:Frans
Gepubliceerd in: Montreal Boréal 1986
Onderwerpen:
Tags: Voeg label toe
Geen labels, Wees de eerste die dit record labelt!

MARC

LEADER 00000nam a2200000 a 4500
001 UCW8913
003 CL-VaPUC
008 881108e19860000CN |||||||||||||||||fre|d
082 0 4 |a C843  |b NEP  |2 21 
100 |a Nepveu, Pierre  |e auteur  |9 314124 
245 1 2 |a L'hiver de Mira Christophe: roman 
300 |a 218 p 
942 |c BK 
945 |d 19881108 00:00:00 
260 |a Montreal  |b Boréal  |c 1986 
650 0 |a Novelas canadienses  |9 261026 
583 |a last modification  |c 19881108 00:00:00  |k Rodrigo Vera 
999 |c 221093  |d 221091 
952 |0 0  |1 0  |4 0  |6 C_843_000000000000000_NEP_1986  |7 0  |8 A  |9 214060  |a BIBEDU  |b BIBEDU  |d 2019-11-15  |i 2825120  |o C843 NEP 1986  |p 2825120  |r 2019-11-15  |w 2019-11-15  |y BK  |k LIT